Light On Pranayama (Record no. 349761)

MARC details
000 -LEADER
fixed length control field 00499nam a2200169Ia 4500
008 - FIXED-LENGTH DATA ELEMENTS--GENERAL INFORMATION
fixed length control field 230718s9999 xx 000 0 und d
020 ## - INTERNATIONAL STANDARD BOOK NUMBER
International Standard Book Number 9788172235413
041 ## - LANGUAGE CODE
Language code of text/sound track or separate title eng
082 ## - DEWEY DECIMAL CLASSIFICATION NUMBER
Classification number 613.192
Item number IYE
100 ## - MAIN ENTRY--PERSONAL NAME
Personal name Iyengar B.K.S.
9 (RLIN) 201609
245 ## - TITLE STATEMENT
Title Light On Pranayama
Remainder of title The Definitive Guide To The Art Of Breathing
260 ## - PUBLICATION, DISTRIBUTION, ETC. (IMPRINT)
Date of publication, distribution, etc. 2018
Name of publisher, distributor, etc. Harper Element
300 ## - PHYSICAL DESCRIPTION
Extent 344
365 ## - TRADE PRICE
Currency code Rs.
Price amount 399.00
700 ## - ADDED ENTRY--PERSONAL NAME
Personal name Iyengar B.K.S.
9 (RLIN) 201609
906 ## - LOCAL DATA ELEMENT F, LDF (RLIN)
d O:0643712-Mar-2019B:505218-Feb-2019
c GENRL
b 87.78
Holdings
Withdrawn status Lost status Damaged status Not for loan Home library Current library Date acquired Vendor Budget Code Cost, normal purchase price Bill number Total Checkouts Full call number Barcode Date last seen Discount Cost, replacement price Bill Date Koha item type Original Barcode
        Cummins College of Engineering for Women Pune Cummins College of Engineering for Women Pune 12/03/2019 Technical Book Services GENRL 311.22 5052   613.192 CCEP-BK-60968 18/07/2023 87.78 399.00 18/02/2019 Books 060968